[Event "1st 4NCL Easter Congress"]
[Site "Stevenage"]
[Date "2019.04.19"]
[Round "1"]
[Board "8"]
[White "Luberto, Michael"]
[Black "Merriman, John"]
[Result "0-1"]
[WhiteElo "1930"]
[BlackElo "2238"]
[PlyCount "0"]
[EventDate "2019.04.19"]
[EventRounds "7"]
[EventCountry "ENG"]

1. e4 {[%clk 01:27:16]} {[%emt 00:03:43]} e6 {[%clk 01:30:55]} {[%emt
00:00:05]} 2. d4 {[%clk 01:27:23]} {[%emt 00:00:24]} d5 {[%clk 01:31:19]}
{[%emt 00:00:06]} 3. e5 {[%clk 01:27:41]} {[%emt 00:00:11]} c5 {[%clk
01:31:44]} {[%emt 00:00:06]} 4. c3 {[%clk 01:28:05]} {[%emt 00:00:06]} Qb6
{[%clk 01:32:06]} {[%emt 00:00:07]} 5. Nf3 {[%clk 01:26:46]} {[%emt 00:01:49]}
Nc6 {[%clk 01:32:16]} {[%emt 00:00:21]} 6. Bd3 {[%clk 01:25:28]} {[%emt
00:01:48]} cxd4 {[%clk 01:29:35]} {[%emt 00:03:11]} 7. cxd4 {[%clk 01:25:26]}
{[%emt 00:00:32]} Bd7 {[%clk 01:29:59]} {[%emt 00:00:06]} 8. Bc2 {[%clk
01:20:05]} {[%emt 00:05:51]} Nb4 {[%clk 01:28:05]} {[%emt 00:02:24]} 9. Ba4
{[%clk 01:12:59]} {[%emt 00:07:37]} Qa6 {[%clk 01:15:39]} {[%emt 00:12:55]} 10.
Bxd7+ {[%clk 01:10:58]} {[%emt 00:02:30]} Kxd7 {[%clk 01:15:59]} {[%emt
00:00:11]} 11. Rf1 {[%clk 01:06:24]} {[%emt 00:05:03]} g6 {[%clk 01:08:32]}
{[%emt 00:07:57]} 12. Ng5 {[%clk 01:06:25]} {[%emt 00:00:30]} Bh6 {[%clk
01:01:56]} {[%emt 00:07:05]} 13. f4 {[%clk 01:06:49]} {[%emt 00:00:07]} Nd3+
{[%clk 00:50:03]} {[%emt 00:12:22]} 14. Kd2 {[%clk 01:07:11]} {[%emt 00:00:08]}
Nxf4 {[%clk 00:44:51]} {[%emt 00:05:43]} 15. Nxf7 {[%clk 00:48:08]} {[%emt
00:19:33]} Qd3+ {[%clk 00:37:57]} {[%emt 00:07:24]} 16. Ke1 {[%clk 00:47:56]}
{[%emt 00:00:42]} Qe4+ {[%clk 00:37:43]} {[%emt 00:00:43]} 17. Kd2 {[%clk
00:20:11]} {[%emt 00:28:15]} Qxd4+ {[%clk 00:33:29]} {[%emt 00:04:43]} 18. Kc2
{[%clk 00:20:18]} {[%emt 00:00:25]} Qe4+ {[%clk 00:33:45]} {[%emt 00:00:14]} 19.
Kb3 {[%clk 00:17:32]} {[%emt 00:03:16]} Qc4+ {[%clk 00:24:05]} {[%emt
00:10:09]} 20. Ka3 {[%clk 00:18:00]} {[%emt 00:00:03]} Bf8+ {[%clk 00:24:14]}
{[%emt 00:00:21]} 21. Nd6 {[%clk 00:18:21]} {[%emt 00:00:07]} Bxd6+ {[%clk
00:23:17]} {[%emt 00:01:28]} 22. exd6 {[%clk 00:18:48]} {[%emt 00:00:03]} Nd3
{[%clk 00:22:51]} {[%emt 00:00:56]} 23. Qa4+ {[%clk 00:16:04]} {[%emt
00:03:15]} Qxa4+ {[%clk 00:21:44]} {[%emt 00:01:37]} 24. Kxa4 {[%clk 00:16:30]}
{[%emt 00:00:04]} Kxd6 {[%clk 00:21:01]} {[%emt 00:01:12]} 25. Nc3 {[%clk
00:16:51]} {[%emt 00:00:09]} a6 {[%clk 00:20:44]} {[%emt 00:00:47]} 26. Rf7
{[%clk 00:15:36]} {[%emt 00:01:45]} Ne7 {[%clk 00:20:17]} {[%emt 00:00:56]} 27.
Bg5 {[%clk 00:15:27]} {[%emt 00:00:40]} Nc6 {[%clk 00:18:31]} {[%emt 00:02:16]}
28. Kb3 {[%clk 00:12:41]} {[%emt 00:03:16]} Nd4+ {[%clk 00:17:24]} {[%emt
00:01:36]} 29. Ka4 {[%clk 00:12:38]} {[%emt 00:00:34]} b5+ {[%clk 00:15:18]}
{[%emt 00:02:37]} 30. Ka5 {[%clk 00:12:57]} {[%emt 00:00:11]} Nc6+ {[%clk
00:15:07]} {[%emt 00:00:40]} 31. Kb6 {[%clk 00:13:13]} {[%emt 00:00:15]} Rhb8+
{[%clk 00:15:19]} {[%emt 00:00:17]} 32. Rb7 {[%clk 00:13:38]} {[%emt 00:00:05]}
Rxb7+ {[%clk 00:15:32]} {[%emt 00:00:17]}  0-1

[Event "1st 4NCL Easter Congress"]
[Site "Stevenage"]
[Date "2019.04.19"]
[Round "1"]
[Board "9"]
[White "Isaakidis, Alexandros"]
[Black "Stannard, Anthony S"]
[Result "1-0"]
[WhiteElo "2173"]
[BlackElo "1916"]
[PlyCount "0"]
[EventDate "2019.04.19"]
[EventRounds "7"]
[EventCountry "ENG"]

1. e4 {[%clk 01:30:52]} {[%emt 00:00:07]} e6 {[%emt 00:00:52]} 2. d4 {[%clk
01:31:11]} {[%emt 00:00:01]} d5 {[%clk 01:30:38]} {[%emt 00:00:10]} 3. Nd2
{[%clk 01:31:30]} {[%emt 00:00:10]} Nf6 {[%clk 01:30:56]} {[%emt 00:00:13]} 4.
e5 {[%clk 01:31:50]} {[%emt 00:00:10]} Nfd7 {[%clk 01:31:19]} {[%emt 00:00:07]}
5. f4 {[%clk 01:32:10]} {[%emt 00:00:06]} c5 {[%clk 01:31:33]} {[%emt
00:00:21]} 6. Ngf3 {[%clk 01:32:31]} {[%emt 00:00:08]} Nc6 {[%clk 01:31:50]}
{[%emt 00:00:13]} 7. Nb3 {[%clk 01:32:55]} {[%emt 00:00:06]} Be7 {[%clk
01:25:49]} {[%emt 00:06:32]} 8. Be2 {[%clk 01:32:37]} {[%emt 00:00:46]} a5
{[%clk 01:25:12]} {[%emt 00:01:09]} 9. a4 {[%clk 01:32:03]} {[%emt 00:01:03]}
b6 {[%clk 01:21:58]} {[%emt 00:03:45]} 10. O-O {[%clk 01:28:07]} {[%emt
00:04:24]} g6 {[%clk 01:20:57]} {[%emt 00:01:33]} 11. c4 {[%clk 01:25:17]}
{[%emt 00:03:18]} Nb4 {[%clk 01:16:23]} {[%emt 00:05:04]} 12. Bd2 {[%clk
01:18:12]} {[%emt 00:07:35]} dxc4 {[%clk 01:15:41]} {[%emt 00:01:13]} 13. Bxc4
{[%clk 01:12:17]} {[%emt 00:06:25]} Ba6 {[%clk 01:11:58]} {[%emt 00:04:14]} 14.
Bxa6 {[%clk 01:12:02]} {[%emt 00:00:45]} Nxa6 {[%clk 01:12:02]} {[%emt
00:00:26]} 15. d5 {[%clk 01:01:55]} {[%emt 00:10:36]} exd5 {[%clk 01:10:15]}
{[%emt 00:02:18]} 16. f5 {[%clk 01:02:12]} {[%emt 00:00:13]} gxf5 {[%clk
00:55:50]} {[%emt 00:14:55]} 17. Qc2 {[%clk 00:49:44]} {[%emt 00:12:57]} f6
{[%clk 00:34:04]} {[%emt 00:22:17]} 18. Qxf5 {[%clk 00:46:09]} {[%emt
00:04:04]} Nc7 {[%clk 00:28:37]} {[%emt 00:05:58]} 19. Qh5+ {[%clk 00:46:09]}
{[%emt 00:00:30]} Kf8 {[%clk 00:28:20]} {[%emt 00:00:47]} 20. Bh6+ {[%clk
00:46:30]} {[%emt 00:00:08]} Kg8 {[%clk 00:28:41]} {[%emt 00:00:09]} 21. Qg4+
{[%clk 00:46:51]} {[%emt 00:00:09]} Kf7 {[%clk 00:29:02]} {[%emt 00:00:10]} 22.
Ng5+ {[%clk 00:47:12]} {[%emt 00:00:08]} Kg8 {[%clk 00:28:44]} {[%emt
00:00:48]} 23. Ne6+ {[%clk 00:45:46]} {[%emt 00:01:57]}  1-0

[Event "1st 4NCL Easter Congress"]
[Site "Stevenage"]
[Date "2019.04.19"]
[Round "1"]
[Board "10"]
[White "Rahulan, Thivyaa"]
[Black "Walker, Martin G"]
[Result "0-1"]
[WhiteElo "1889"]
[BlackElo "2166"]
[PlyCount "0"]
[EventDate "2019.04.19"]
[EventRounds "7"]
[EventCountry "ENG"]

1. e4 {[%emt 00:39:09]} Nf6 {[%emt 00:00:05]} 2. e5 {[%emt 00:01:06]} Nd5
{[%emt 00:00:04]} 3. d4 {[%emt 00:00:21]} d6 {[%emt 00:00:06]} 4. c4 {[%emt
00:02:02]} Nb6 {[%emt 00:00:05]} 5. exd6 {[%emt 00:00:29]} cxd6 {[%emt
00:00:16]} 6. Bd3 {[%emt 00:02:00]} g6 {[%emt 00:01:30]} 7. Nc3 {[%emt
00:01:41]} Bg7 {[%emt 00:02:20]} 8. Nge2 {[%emt 00:00:31]} Nc6 {[%emt
00:02:05]} 9. Be3 {[%emt 00:00:35]} O-O {[%emt 00:00:17]} 10. a3 {[%emt
00:00:07]} d5 {[%emt 00:05:22]} 11. c5 {[%emt 00:03:10]} Nc4 {[%emt 00:00:05]}
12. Qc1 {[%emt 00:07:04]} Nxe3 {[%emt 00:04:10]} 13. fxe3 {[%emt 00:02:58]} e5
{[%emt 00:00:15]} 14. dxe5 {[%emt 00:06:40]} Nxe5 {[%emt 00:00:07]} 15. Bc2
{[%emt 00:03:38]} Re8 {[%emt 00:05:15]} 16. O-O {[%emt 00:03:35]} Ng4 {[%emt
00:09:44]} 17. Rf3 {[%emt 00:03:28]} d4 {[%emt 00:15:39]} 18. Ne4 {[%emt
00:08:52]} d3 {[%emt 00:08:35]} 19. Nd6 {[%emt 00:01:07]} dxc2 {[%emt
00:00:05]} 20. Nxe8 {[%emt 00:01:05]} Qxe8 {[%emt 00:00:06]} 21. Qxc2 {[%emt
00:08:44]} Nxe3 {[%emt 00:00:05]} 22. Qd3 {[%emt 00:06:12]} Ng4 {[%emt
00:00:06]} 23. Nc3 {[%emt 00:03:25]} Bf5 {[%emt 00:02:32]} 24. Qc4 {[%emt
00:02:17]} Ne5 {[%emt 00:00:12]} 25. Qf1 {[%emt 00:00:30]} Nxf3+ {[%emt
00:00:06]} 26. Qxf3 {[%emt 00:00:10]} Rd8 {[%emt 00:01:52]} 27. Rc1 {[%emt
00:01:39]} Rd2 {[%emt 00:01:01]} 28. b4 {[%emt 00:01:46]} Bd4+ {[%emt
00:02:49]} 29. Kh1 {[%emt 00:00:20]} Bxc3 {[%emt 00:00:09]} 30. Qxc3 {[%emt
00:00:16]} Qe2 {[%emt 00:00:08]} 31. Qf3 {[%emt 00:01:56]} Be4 {[%emt
00:00:20]} 32. Qxe2 {[%emt 00:00:10]} Rxe2 {[%emt 00:00:05]} 33. Rg1 {[%emt
00:00:23]} Ra2 {[%emt 00:00:09]}  0-1

[Event "1st 4NCL Easter Congress"]
[Site "Stevenage"]
[Date "2019.04.19"]
[Round "1"]
[Board "11"]
[White "Miller, Dominic"]
[Black "Stubbs, Oliver"]
[Result "1-0"]
[WhiteElo "2164"]
[BlackElo "1873"]
[PlyCount "0"]
[EventDate "2019.04.19"]
[EventRounds "7"]
[EventCountry "ENG"]

1. e4 {[%clk 01:30:58]} {[%emt 00:00:01]} e6 {[%clk 01:30:50]} {[%emt
00:00:11]} 2. d4 {[%clk 01:31:20]} {[%emt 00:00:07]} d5 {[%clk 01:31:15]}
{[%emt 00:00:05]} 3. Nc3 {[%clk 01:31:39]} {[%emt 00:00:11]} dxe4 {[%clk
01:31:35]} {[%emt 00:00:10]} 4. Nxe4 {[%clk 01:32:03]} {[%emt 00:00:04]} Nd7
{[%clk 01:31:58]} {[%emt 00:00:08]} 5. Nf3 {[%clk 01:32:05]} {[%emt 00:00:28]}
Ngf6 {[%clk 01:32:19]} {[%emt 00:00:10]} 6. Nxf6+ {[%clk 01:31:48]} {[%emt
00:00:46]} Nxf6 {[%clk 01:32:26]} {[%emt 00:00:23]} 7. Bd3 {[%clk 01:32:06]}
{[%emt 00:00:12]} c5 {[%clk 01:32:10]} {[%emt 00:00:47]} 8. dxc5 {[%clk
01:27:21]} {[%emt 00:05:14]} Bxc5 {[%clk 01:32:31]} {[%emt 00:00:09]} 9. Bg5
{[%clk 01:27:37]} {[%emt 00:00:15]} h6 {[%clk 01:28:15]} {[%emt 00:04:45]} 10.
Bh4 {[%clk 01:26:59]} {[%emt 00:01:07]} b6 {[%clk 01:27:36]} {[%emt 00:01:10]}
11. Qe2 {[%clk 01:26:04]} {[%emt 00:01:24]} Qc7 {[%clk 01:15:27]} {[%emt
00:12:41]} 12. O-O-O {[%clk 01:23:34]} {[%emt 00:02:58]} Bb7 {[%clk 00:56:14]}
{[%emt 00:19:44]} 13. Bg3 {[%clk 01:05:32]} {[%emt 00:18:32]} Qe7 {[%clk
00:39:59]} {[%emt 00:16:44]} 14. Bb5+ {[%clk 00:57:09]} {[%emt 00:08:54]} Kf8
{[%clk 00:40:16]} {[%emt 00:00:13]} 15. Ne5 {[%clk 00:51:03]} {[%emt 00:06:36]}
Rc8 {[%clk 00:16:58]} {[%emt 00:23:48]} 16. Nd7+ {[%clk 00:41:41]} {[%emt
00:09:52]} Kg8 {[%clk 00:16:42]} {[%emt 00:00:46]} 17. Bh4 {[%clk 00:36:29]}
{[%emt 00:05:41]} g5 {[%clk 00:06:34]} {[%emt 00:10:38]} 18. Bg3 {[%clk
00:36:54]} {[%emt 00:00:06]} Nd5 {[%clk 00:04:51]} {[%emt 00:02:12]} 19. Be5
{[%clk 00:30:33]} {[%emt 00:06:50]} f6 {[%clk 00:03:22]} {[%emt 00:01:59]} 20.
Rxd5 {[%clk 00:30:14]} {[%emt 00:00:50]} exd5 {[%clk 00:01:46]} {[%emt
00:02:05]} 21. Nxf6+ {[%clk 00:30:30]} {[%emt 00:00:15]} Kf8 {[%clk 00:01:20]}
{[%emt 00:00:55]} 22. Qf3 {[%clk 00:28:06]} {[%emt 00:02:53]} Qxe5 {[%clk
00:00:47]} {[%emt 00:01:05]} 23. Nd7+ {[%clk 00:28:18]} {[%emt 00:00:17]}  1-0

[Event "1st 4NCL Easter Congress"]
[Site "Stevenage"]
[Date "2019.04.19"]
[Round "1"]
[Board "12"]
[White "Woltery, Nicolai"]
[Black "Burrows, Martin P"]
[Result "0-1"]
[WhiteElo "1865"]
[BlackElo "2146"]
[PlyCount "0"]
[EventDate "2019.04.19"]
[EventRounds "7"]
[EventCountry "ENG"]

1. c4 {[%clk 01:30:59]} Nf6 {[%clk 01:30:51]} {[%emt 00:00:09]} 2. Nf3 {[%clk
01:31:22]} {[%emt 00:00:07]} e6 {[%clk 01:31:10]} {[%emt 00:00:11]} 3. g3
{[%clk 01:31:39]} {[%emt 00:00:13]} d5 {[%clk 01:31:28]} {[%emt 00:00:11]} 4.
d4 {[%clk 01:31:37]} {[%emt 00:00:33]} dxc4 {[%clk 01:31:27]} {[%emt 00:00:31]}
5. Bg2 {[%clk 01:31:35]} {[%emt 00:00:31]} Nc6 {[%clk 01:31:15]} {[%emt
00:00:43]} 6. O-O {[%clk 01:31:46]} {[%emt 00:00:19]} Rb8 {[%clk 01:30:46]}
{[%emt 00:01:00]} 7. Re1 {[%clk 01:26:54]} {[%emt 00:05:22]} Bb4 {[%clk
01:24:54]} {[%emt 00:06:21]} 8. Bd2 {[%clk 01:26:06]} {[%emt 00:01:19]} Be7
{[%clk 01:25:02]} {[%emt 00:00:22]} 9. Bg5 {[%clk 01:19:24]} {[%emt 00:07:12]}
h6 {[%clk 01:24:10]} {[%emt 00:01:22]} 10. Bxf6 {[%clk 01:19:41]} {[%emt
00:00:14]} Bxf6 {[%clk 01:24:30]} {[%emt 00:00:09]} 11. e3 {[%clk 01:13:16]}
{[%emt 00:06:55]} b5 {[%clk 01:23:07]} {[%emt 00:01:53]} 12. Nc3 {[%clk
01:01:34]} {[%emt 00:12:12]} Bd7 {[%clk 01:20:43]} {[%emt 00:02:53]} 13. e4
{[%clk 00:56:20]} {[%emt 00:05:44]} O-O {[%clk 01:18:17]} {[%emt 00:02:57]} 14.
e5 {[%clk 00:44:28]} {[%emt 00:12:24]} Be7 {[%clk 01:18:16]} {[%emt 00:00:30]}
15. Ne4 {[%clk 00:38:35]} {[%emt 00:06:22]} Nb4 {[%clk 01:17:29]} {[%emt
00:01:17]} 16. Bf1 {[%clk 00:35:46]} {[%emt 00:03:19]} Bc6 {[%clk 01:15:08]}
{[%emt 00:02:50]} 17. a3 {[%clk 00:35:39]} {[%emt 00:00:38]} Nd5 {[%clk
01:14:37]} {[%emt 00:01:00]} 18. Rc1 {[%clk 00:24:11]} {[%emt 00:11:59]} a5
{[%clk 01:01:19]} {[%emt 00:13:48]} 19. Nc5 {[%clk 00:08:35]} {[%emt 00:16:06]}
Bxc5 {[%clk 00:59:22]} {[%emt 00:02:27]} 20. dxc5 {[%clk 00:09:00]} {[%emt
00:00:05]} Qe7 {[%clk 00:59:40]} {[%emt 00:00:11]} 21. Nd4 {[%clk 00:05:03]}
{[%emt 00:04:28]} Qxc5 {[%clk 00:59:16]} {[%emt 00:00:54]} 22. Nxc6 {[%clk
00:05:18]} {[%emt 00:00:15]} Qxc6 {[%clk 00:59:39]} {[%emt 00:00:07]} 23. Bg2
{[%clk 00:04:10]} {[%emt 00:01:38]} Rfd8 {[%clk 00:58:48]} {[%emt 00:01:21]} 24.
Qh5 {[%clk 00:02:57]} {[%emt 00:01:43]} Qc5 {[%clk 00:58:01]} {[%emt 00:01:17]}
25. Re4 {[%clk 00:02:34]} {[%emt 00:00:53]} Nf6 {[%clk 00:57:01]} {[%emt
00:01:30]}  0-1

[Event "1st 4NCL Easter Congress"]
[Site "Stevenage"]
[Date "2019.04.19"]
[Round "1"]
[Board "13"]
[White "Ratnesan, Ranesh"]
[Black "Jaufarally, Nadia"]
[Result "1-0"]
[WhiteElo "2116"]
[BlackElo "1859"]
[PlyCount "0"]
[EventDate "2019.04.19"]
[EventRounds "7"]
[EventCountry "ENG"]

1. d4 {[%clk 01:30:57]} {[%emt 00:00:02]} Nf6 {[%clk 01:30:51]} {[%emt
00:00:09]} 2. c4 {[%clk 01:31:21]} {[%emt 00:00:07]} g6 {[%clk 01:31:14]}
{[%emt 00:00:08]} 3. Nc3 {[%clk 01:31:44]} {[%emt 00:00:06]} Bg7 {[%clk
01:31:37]} {[%emt 00:00:07]} 4. e4 {[%clk 01:32:05]} {[%emt 00:00:09]} d6
{[%clk 01:31:58]} {[%emt 00:00:10]} 5. Bd3 {[%clk 01:32:25]} {[%emt 00:00:09]}
O-O {[%clk 01:30:17]} {[%emt 00:02:11]} 6. Nge2 {[%clk 01:32:45]} {[%emt
00:00:10]} e5 {[%clk 01:29:12]} {[%emt 00:01:35]} 7. d5 {[%clk 01:32:44]}
{[%emt 00:00:31]} a5 {[%clk 01:26:38]} {[%emt 00:03:04]} 8. O-O {[%clk
01:27:44]} {[%emt 00:05:29]} Nh5 {[%clk 01:17:09]} {[%emt 00:10:00]} 9. Be3
{[%clk 01:26:43]} {[%emt 00:01:31]} f5 {[%clk 01:12:09]} {[%emt 00:05:31]} 10.
exf5 {[%clk 01:26:43]} {[%emt 00:00:29]} gxf5 {[%clk 01:08:23]} {[%emt
00:04:16]} 11. f4 {[%clk 01:26:52]} {[%emt 00:00:20]} e4 {[%clk 00:59:40]}
{[%emt 00:09:14]} 12. Bc2 {[%clk 01:27:13]} {[%emt 00:00:09]} Nd7 {[%clk
00:52:12]} {[%emt 00:07:58]} 13. Bd4 {[%clk 01:25:00]} {[%emt 00:02:43]} Ndf6
{[%clk 00:46:43]} {[%emt 00:06:00]} 14. h3 {[%clk 01:22:44]} {[%emt 00:02:45]}
Qe8 {[%clk 00:43:08]} {[%emt 00:04:06]} 15. Qe1 {[%clk 01:19:57]} {[%emt
00:03:16]} Qg6 {[%clk 00:39:12]} {[%emt 00:04:26]} 16. Nd1 {[%clk 01:18:36]}
{[%emt 00:01:51]} Kh8 {[%clk 00:32:21]} {[%emt 00:07:22]} 17. Ne3 {[%clk
01:17:33]} {[%emt 00:01:32]} Rg8 {[%clk 00:30:57]} {[%emt 00:01:55]} 18. Kh1
{[%clk 01:15:25]} {[%emt 00:02:37]} Bd7 {[%clk 00:29:16]} {[%emt 00:02:12]} 19.
Qh4 {[%clk 01:13:33]} {[%emt 00:02:21]} Raf8 {[%clk 00:26:20]} {[%emt
00:03:26]} 20. Rf2 {[%clk 01:01:01]} {[%emt 00:13:02]} Qh6 {[%clk 00:20:02]}
{[%emt 00:06:48]} 21. Kh2 {[%clk 00:59:24]} {[%emt 00:02:07]} Qg6 {[%clk
00:11:59]} {[%emt 00:08:33]} 22. Rg1 {[%clk 00:58:15]} {[%emt 00:01:39]} Ne8
{[%clk 00:08:33]} {[%emt 00:03:56]} 23. Bxg7+ {[%clk 00:51:58]} {[%emt
00:06:47]} Nhxg7 {[%clk 00:07:42]} {[%emt 00:01:21]} 24. g4 {[%clk 00:50:28]}
{[%emt 00:01:59]} Qf7 {[%clk 00:06:16]} {[%emt 00:01:58]} 25. Nd4 {[%clk
00:46:35]} {[%emt 00:04:22]} Qf6 {[%clk 00:05:23]} {[%emt 00:01:23]} 26. Qxf6
{[%clk 00:46:44]} {[%emt 00:00:21]} Rxf6 {[%clk 00:05:33]} {[%emt 00:00:21]} 27.
a3 {[%clk 00:43:51]} {[%emt 00:03:23]} Rgf8 {[%clk 00:05:52]} {[%emt 00:00:12]}
28. Rgf1 {[%clk 00:43:32]} {[%emt 00:00:47]} Kg8 {[%clk 00:05:15]} {[%emt
00:01:08]} 29. b4 {[%clk 00:43:31]} {[%emt 00:00:31]} axb4 {[%clk 00:05:23]}
{[%emt 00:00:23]} 30. axb4 {[%clk 00:41:32]} {[%emt 00:02:28]} c5 {[%clk
00:05:11]} {[%emt 00:00:42]} 31. dxc6 {[%clk 00:40:28]} {[%emt 00:01:35]} bxc6
{[%clk 00:05:32]} {[%emt 00:00:08]} 32. b5 {[%clk 00:25:26]} {[%emt 00:15:32]}
c5 {[%clk 00:05:09]} {[%emt 00:00:54]} 33. Ndxf5 {[%clk 00:25:01]} {[%emt
00:00:54]} Nxf5 {[%clk 00:05:27]} {[%emt 00:00:11]} 34. Nxf5 {[%clk 00:24:49]}
{[%emt 00:00:42]} d5 {[%clk 00:03:55]} {[%emt 00:02:03]} 35. Ne7+ {[%clk
00:25:03]} {[%emt 00:00:15]}  1-0

[Event "1st 4NCL Easter Congress"]
[Site "Stevenage"]
[Date "2019.04.19"]
[Round "1"]
[Board "14"]
[White "Johnson, Paul A"]
[Black "Brett, Andrew R"]
[Result "0-1"]
[WhiteElo "1804"]
[BlackElo "2114"]
[PlyCount "0"]
[EventDate "2019.04.19"]
[EventRounds "7"]
[EventCountry "ENG"]

1. d4 {[%emt 00:39:17]} Nf6 {[%emt 00:00:20]} 2. Bf4 {[%emt 00:00:45]} d5
{[%emt 00:00:11]} 3. e3 {[%emt 00:00:31]} e6 {[%emt 00:00:11]} 4. Nf3 {[%emt
00:00:59]} Bd6 {[%emt 00:00:08]} 5. Bg3 {[%emt 00:00:53]} O-O {[%emt 00:00:15]}
6. Bd3 {[%emt 00:01:26]} c5 {[%emt 00:00:21]} 7. c3 {[%emt 00:01:28]} b6 {[%emt
00:00:07]} 8. Qe2 {[%emt 00:01:14]} a5 {[%emt 00:01:54]} 9. Nbd2 {[%emt
00:01:12]} Ba6 {[%emt 00:00:13]} 10. c4 {[%emt 00:03:00]} cxd4 {[%emt
00:01:05]} 11. exd4 {[%emt 00:00:21]} dxc4 {[%emt 00:01:03]} 12. Nxc4 {[%emt
00:00:52]} Bb4+ {[%emt 00:00:28]} 13. Kf1 {[%emt 00:00:54]} Nc6 {[%emt
00:00:36]} 14. a3 {[%emt 00:00:51]} Be7 {[%emt 00:00:27]} 15. Rd1 {[%emt
00:01:34]} Bb7 {[%emt 00:05:22]} 16. h4 Rc8 {[%emt 00:03:21]} 17. h5 {[%emt
00:02:38]} Nb8 {[%emt 00:07:06]} 18. Nce5 {[%emt 00:04:53]} Nfd7 {[%emt
00:04:08]} 19. Kg1 {[%emt 00:09:34]} Nc6 {[%emt 00:13:24]} 20. Rh3 {[%emt
00:09:01]} Ncxe5 {[%emt 00:06:35]} 21. dxe5 {[%emt 00:03:42]} Qc7 {[%emt
00:00:44]} 22. Bf4 {[%emt 00:06:39]} Rfd8 {[%emt 00:07:23]} 23. Ng5 {[%emt
00:09:14]} h6 {[%emt 00:04:15]} 24. Nf3 {[%emt 00:16:22]} Nc5 {[%emt 00:01:45]}
25. Bb1 {[%emt 00:01:06]} Rxd1+ {[%emt 00:01:36]} 26. Qxd1 {[%emt 00:00:06]}
Rd8 {[%emt 00:00:19]} 27. Qc1 {[%emt 00:02:35]} Qd7 {[%emt 00:01:05]} 28. Bc2
{[%emt 00:04:50]} Bf8 {[%emt 00:06:57]} 29. Rg3 {[%emt 00:05:28]} Kh8 {[%emt
00:00:21]} 30. Nh2 {[%emt 00:03:49]} Be4 {[%emt 00:07:05]} 31. Ng4 {[%emt
00:02:02]} Bxc2 {[%emt 00:03:32]} 32. Qxc2 {[%emt 00:00:10]} Qd1+ {[%emt
00:01:28]} 33. Qxd1 {[%emt 00:00:09]} Rxd1+ {[%emt 00:00:03]} 34. Kh2 {[%emt
00:00:06]} Rd3 {[%emt 00:00:20]} 35. b4 {[%emt 00:03:04]} axb4 {[%emt
00:01:30]} 36. axb4 {[%emt 00:00:09]} Rxg3 {[%emt 00:01:58]} 37. Bxg3 {[%emt
00:00:46]} Ne4 {[%emt 00:00:16]} 38. b5 {[%emt 00:01:07]} Nc3 {[%emt 00:00:11]}
39. Ne3 {[%emt 00:00:14]} Nxb5 {[%emt 00:00:15]} 40. Nc4 {[%emt 00:00:10]} Bc5
{[%emt 00:00:18]} 41. Nd6 {[%emt 00:00:20]} Nc7 {[%emt 00:01:19]} 42. Nxf7+
{[%emt 00:00:41]} Kg8 {[%emt 00:00:10]} 43. Nd6 {[%emt 00:00:28]} b5 {[%emt
00:00:21]} 44. f3 {[%emt 00:01:22]} b4 {[%emt 00:00:20]} 45. Nc4 {[%emt
00:00:35]} Nb5 {[%emt 00:04:51]} 46. Nd2 {[%emt 00:00:25]} Be3 {[%emt
00:00:20]} 47. Nb3 {[%emt 00:00:32]} Nd4 {[%emt 00:00:19]} 48. Na5 {[%emt
00:00:55]} b3 {[%emt 00:03:14]} 49. Nc4 {[%emt 00:00:24]} Bc1 {[%emt 00:00:05]}
50. Bf2 {[%emt 00:00:24]} Nc6 {[%emt 00:02:45]} 51. Be1 {[%emt 00:00:24]} Nxe5
{[%emt 00:00:18]}  0-1

[Event "1st 4NCL Easter Congress"]
[Site "Stevenage"]
[Date "2019.04.19"]
[Round "1"]
[Board "15"]
[White "Mccullough, Simon L"]
[Black "Varley, Joe"]
[Result "1-0"]
[WhiteElo "2083"]
[BlackElo "1787"]
[PlyCount "0"]
[EventDate "2019.04.19"]
[EventRounds "7"]
[EventCountry "ENG"]

1. Nf3 {[%clk 01:26:34]} {[%emt 00:04:25]} f5 {[%clk 01:30:36]} {[%emt
00:00:23]} 2. d3 {[%clk 01:26:57]} {[%emt 00:00:07]} Nf6 {[%clk 01:30:26]}
{[%emt 00:00:40]} 3. e4 {[%clk 01:27:22]} {[%emt 00:00:06]} fxe4 {[%clk
01:27:23]} {[%emt 00:03:33]} 4. dxe4 {[%clk 01:27:46]} {[%emt 00:00:05]} Nxe4
{[%clk 01:17:33]} {[%emt 00:10:21]} 5. Bd3 {[%clk 01:27:19]} {[%emt 00:00:56]}
Nf6 {[%clk 01:17:39]} {[%emt 00:00:24]} 6. Ng5 {[%clk 01:25:02]} {[%emt
00:02:47]} e5 {[%clk 01:05:00]} {[%emt 00:13:10]} 7. Bxh7 {[%clk 01:22:10]}
{[%emt 00:03:21]} Bc5 {[%clk 00:53:11]} {[%emt 00:12:20]} 8. Bg6+ {[%clk
01:16:07]} {[%emt 00:06:33]} Ke7 {[%clk 00:53:20]} {[%emt 00:00:20]} 9. Nf7
{[%clk 01:15:51]} {[%emt 00:00:47]} Qf8 {[%clk 00:52:17]} {[%emt 00:01:33]} 10.
Nxh8 {[%clk 01:12:39]} {[%emt 00:03:42]} Bxf2+ {[%clk 00:48:31]} {[%emt
00:04:16]} 11. Kf1 {[%clk 01:03:28]} {[%emt 00:09:41]} Qxh8 {[%clk 00:41:08]}
{[%emt 00:07:52]} 12. Kxf2 {[%clk 01:01:48]} {[%emt 00:02:11]} d6 {[%clk
00:39:24]} {[%emt 00:02:14]} 13. Bg5 {[%clk 01:01:52]} {[%emt 00:00:25]} Nc6
{[%clk 00:39:09]} {[%emt 00:00:45]} 14. Qh5 {[%clk 00:52:14]} {[%emt 00:10:08]}
Qf8 {[%clk 00:37:58]} {[%emt 00:01:41]} 15. Rf1 {[%clk 00:51:26]}  1-0